| 000 | 01350nam2a2200277 4500 | ||
|---|---|---|---|
| 001 | RU\NLR\BIBL_A\011238116 | ||
| 005 | 20250626032727.0 | ||
| 010 |
_a978-5-295-06241-4 _bт. 5 _91000 |
||
| 021 |
_aRU _b2016-74026 _94797 |
||
| 035 | _a(NLR Aleph) 011238116 | ||
| 090 |
_a12106834 _c12106834 |
||
| 100 | _a20161011d2016 |||y0rusy50 ca | ||
| 101 | 0 | _arus | |
| 102 | _aRU | ||
| 105 | _aabc z 001zy | ||
| 200 | 0 | _aТ. 5 | |
| 210 |
_d2016 _aБ. м. |
||
| 215 |
_a397, [1] c. _cил., портр., карты |
||
| 320 | _aБиблиогр. в подстроч. примеч. | ||
| 320 | _aГеогр. указ.: с. 387-393 | ||
| 320 | _aИмен. указ.: с. 394-397 | ||
| 461 | 0 |
_1001RU\NLR\BIBL_A\011011903 _12001#$aСобрание научных трудов$eв 7 т.$fР.Г. Кузеев$g[предисл. А.Б. Юнусовой$gред. Л.Р. Бикбаева$gИн-т этнол. исслед. им. Р.Г. Кузеева Уфимского науч. центра Рос. акад. наук]$vТ. 5 _1700#1$aКузеев$bР. Г.$f1929-2005$gРаиль Гумерович _911028702 _aКузеев, Р. Г. (1929-2005) _cУфа _d2015 _fР.Г. Кузеев _nКитап _oв 7 т. _tСобрание научных трудов _y9785295062360 _vТ. 5 |
|
| 942 | _cBOOK | ||
| 980 | _aNB | ||